Sports Quiz

Random Sports or NBA Quiz
Score 0/20 Timer 10:00
0 Plays Today
hint answer % Correct
sf/cavs, heat, lakerslebron james
98.6%
sg/bulls,wizardsmichael jordan
97.9%
sg/lakerskobe bryant
95.9%
c/mainly lakers, heat, and magicshaquille o'neal
93.2%
c/ warriors, lakerswilt chamberlain
92.5%
c/bucks, lakerskareem abdul-jabbar
91.1%
pg/sg/sf/pf/c/ lakersmagic johnson
91.1%
sf/celticslarry bird
89.7%
c/rocketshakeem olajuwon
89%
pf/jazzkarl malone
88.4%
hint answer % Correct
c/bucks, 76ers, spursmoses malone
87%
pg/jazzjohn stockton
83.6%
sf/supersonics/thunder,warriorskevin durant
82.9%
pg/bucks and idk if he played for othersOscar robertson
79.5%
sg/lakersjerry west
74%
pg/clippers, rocketschris paul
70.5%
sf/sg/76ersjulius erving
66.4%
sg/sf/raptors, mavs mainlyvince carter
63.7%
sg/pg/supersonics/thunder, rocketsjames harden
63%
pg/jazzpete maravich
35.6%
Remove Ads.
Support Sporcle.
Get the best of Sporcle when you Go Orange. This ad-free experience offers more features, more stats, and more fun while also helping to support Sporcle. Thank you for becoming a member.

You're not logged in!

Compare scores with friends on all Sporcle quizzes.
OR
Log In

Show Comments

Extras

Created Dec 12, 2018ReportNominate
Tags:NBA Quiz, Player

Top Quizzes Today


Score Distribution

Your Account Isn't Verified!

In order to create a playlist on Sporcle, you need to verify the email address you used during registration. Go to your Sporcle Settings to finish the process.

Report this User

Report this user for behavior that violates our Community Guidelines.

Details: